Zoo /
Další z veselých příběhů sympatické rodinky. Bluey a Bingo si hrají s rodiči na návštěvu zoo. Co se však stane, když z výběhu uteče velká modrá gorila?
Uloženo v:
| Další autoři: | |
|---|---|
| Médium: | Kniha |
| Jazyk: | Czech |
| Vydáno: |
Praha :
Alicanto,
2026
|
| Vydání: | 1. vydání |
| Edice: | Bluey
|
| Témata: | |
| Celkem bylo vypůjčeno: | 0x |
| Tagy: |
Žádné tagy |
| LEADER | 01834nam a2200481 i 4500 | ||
|---|---|---|---|
| 001 | 106720 | ||
| 003 | CZ PrNK | ||
| 005 | 20260702084141.0 | ||
| 007 | ta | ||
| 008 | 260625s2026 xr a a 000 j cze | ||
| 015 | |a cnb003766214 | ||
| 020 | |a 9788025263143 |q (vázáno) : |c Kč 249,00 | ||
| 040 | |a ABG001 |b cze |e rda | ||
| 041 | 1 | |a cze |h eng | |
| 072 | 7 | |a 821.111 |x Anglická literatura, anglicky psaná |2 Konspekt |9 25 | |
| 072 | 7 | |a 821-93 |x Literatura pro děti a mládež (beletrie) |2 Konspekt |9 26 | |
| 080 | |a 821.111(94)-32 |2 MRF | ||
| 080 | |a 821-93 |2 MRF | ||
| 080 | |a (0:82-32) |2 MRF | ||
| 130 | 0 | |a Zoo. |l Česky | |
| 245 | 1 | 0 | |a Zoo / |c z anglického originálu ... přeložila Irena Steinerová |
| 250 | |a 1. vydání | ||
| 264 | 1 | |a Praha : |b Alicanto, |c 2026 | |
| 300 | |a 32 nečíslovaných stran : |b barevné ilustrace ; |c 26 cm | ||
| 336 | |a text |b txt |2 rdacontent | ||
| 336 | |a statický obraz |b sti |2 rdacontent | ||
| 337 | |a bez média |b n |2 rdamedia | ||
| 338 | |a svazek |b nc |2 rdacarrier | ||
| 490 | 1 | |a Bluey | |
| 520 | 2 | |a Další z veselých příběhů sympatické rodinky. Bluey a Bingo si hrají s rodiči na návštěvu zoo. Co se však stane, když z výběhu uteče velká modrá gorila? | |
| 521 | 8 | |a Pro děti od 4 let | |
| 655 | 7 | |a australské příběhy |7 fd230221 |2 czenas |9 54628 | |
| 655 | 7 | |a publikace pro děti |7 fd133156 |2 czenas |9 23 | |
| 655 | 9 | |a Australian stories |2 eczenas | |
| 655 | 9 | |a children's literature |2 eczenas | |
| 700 | 1 | |a Steinerová, Irena, |d 1966- |7 jn20010309566 |4 trl |9 27399 | |
| 710 | 2 | |a Alicanto (nakladatelství) |7 xx0341991 |4 pbl |9 117187 | |
| 765 | 1 | |t Bluey | |
| 830 | 0 | |a Bluey | |
| 910 | |a UOG502 | ||
| 942 | |2 ddc |c KN | ||
| 999 | |d 106720 | ||
| 993 | |0 0 |1 421180107449 |2 ddc |4 0 |6 M |7 0 |9 100234 |b 0 |c 107449 |d 2026-07-02 |e 0 |f DOSP |g M |h 249.00 |i Koupě |l M |r 2026-07-02 |t 8 |w 2026-07-02 |y KN |z BELET |n | ||